<?xml version="1.0" encoding="UTF-8"?>
<marc:record xmlns:marc="http://www.loc.gov/MARC21/slim">
   <marc:leader>00000nam a2200000 a 4500</marc:leader>
   <marc:datafield ind1="1" ind2=" " tag="100">
      <marc:subfield code="a">Schmid, Sophie</marc:subfield>
      <marc:subfield code="4">aut</marc:subfield>
      <marc:subfield code="e">Verfasser/-in</marc:subfield>
   </marc:datafield>
   <marc:datafield ind1="0" ind2="0" tag="245">
      <marc:subfield code="a">Ein kleines Menschenkind</marc:subfield>
   </marc:datafield>
   <marc:datafield ind1="0" ind2="0" tag="245">
      <marc:subfield code="c">Schmid, Sophie</marc:subfield>
   </marc:datafield>
   <marc:datafield ind1=" " ind2="1" tag="264">
      <marc:subfield code="a">Wien</marc:subfield>
      <marc:subfield code="b">Edition Nilpferd</marc:subfield>
      <marc:subfield code="c">2021</marc:subfield>
   </marc:datafield>
   <marc:datafield ind1="1" ind2=" " tag="520">
      <marc:subfield code="a">Quelle: bn.bibliotheksnachrichten (http://www.biblio.at/literatur/bn/index.html); &#xD;
Autor: Sandra Brugger; &#xD;
Fröhlicher Abzählreim in prächtigen Bildern. (ab 4) (JD)&#xD;
Ein kleines Menschenkind macht sich auf den Weg. Mit jedem Weiterblättern stößt ein weiteres Kind dazu, das einen guten Wunsch erfüllt - etwa nach Halt, Geborgenheit, Fröhlichkeit oder Hilfe. Grundbedürfnisse wie Nahrung, sauberes Wasser oder eine sichere Unterkunft werden ebenso angesprochen. Allerdings bleiben die zehn Menschenkinder nicht unter sich, stattdessen laden sie alle dazu ein, in ihr Haus einzuziehen.&#xD;
Der gereimte Text ist sehr sparsam eingesetzt und vermittelt pointiert wichtige Botschaften. So lassen sich mit diesem Buch etwa auch in Kindergarten-Gruppen die Grundlagen der maslowschen Bedürfnispyramide erklären. Die farbenprächtigen, naiv anmutenden Illustrationen unterstreichen die heitere und lebensbejahende Atmosphäre. Ein empfehlenswertes Bilderbuch für junge LeserInnen ab drei Jahren!</marc:subfield>
   </marc:datafield>
   <marc:datafield ind1=" " ind2=" " tag="020">
      <marc:subfield code="a">9783707452488</marc:subfield>
      <marc:subfield code="9">9783707452488</marc:subfield>
   </marc:datafield>
   <marc:datafield ind1=" " ind2=" " tag="020">
      <marc:subfield code="a">3707452484</marc:subfield>
      <marc:subfield code="9">3707452484</marc:subfield>
   </marc:datafield>
   <marc:datafield ind1=" " ind2=" " tag="041">
      <marc:subfield code="a">ger</marc:subfield>
   </marc:datafield>
   <marc:datafield ind1=" " ind2=" " tag="300">
      <marc:subfield code="b">überw. Ill. (farb.)</marc:subfield>
   </marc:datafield>
   <marc:datafield ind1=" " ind2=" " tag="338">
      <marc:subfield code="a">Band</marc:subfield>
   </marc:datafield>
   <marc:datafield ind1=" " ind2=" " tag="300">
      <marc:subfield code="a">[28] S.</marc:subfield>
   </marc:datafield>
</marc:record>
